La ciudadela /
Guardado en:
| Autor Principal: | |
|---|---|
| Otros Autores: | |
| Formato: | Libro |
| Idioma: | Undetermined |
| Publicado: |
Madrid :
Hyspamérica,
1984.
|
| Edición: | 1a ed. |
| Series: | Grandes éxitos ;
63 |
| Materias: | |
| Etiquetas: |
Agregar Etiqueta
Sin Etiquetas, Sea el primero en etiquetar este registro!
|
| LEADER | 00633nam a22002055a 4500 | ||
|---|---|---|---|
| 001 | CEM.cems024719 | ||
| 008 | 250623s1984####sp############000#0#und#d | ||
| 005 | 20250623172607.0 | ||
| 245 | 1 | 0 | |a La ciudadela / |c A. J. Cronin; traducido por Enrique Pepe. |
| 250 | |a 1a ed. | ||
| 260 | |a Madrid : |b Hyspamérica, |c 1984. | ||
| 300 | |a 347 p. | ||
| 490 | 1 | |a Grandes éxitos ; |v 63 | |
| 500 | |a Título original: "The citadel". | ||
| 020 | |a 8475307477 | ||
| 100 | 1 | |a Cronin, A. J. | |
| 700 | 1 | |a Pepe, Enrique; trad. | |
| 653 | |a Literatura británica | ||
| 653 | |a Narrativa británica | ||
| 859 | |a CEMS |b BIB. CEMS - 11 de abril |h 823.9 |i C947 |p 29970.25 |t Ej.1 | ||
